000 00793nam a2200265Ia 4500
003 OSt
005 20221005042647.0
006 a|||||r|||| 00| 0
007 ta
008 221004b |||||||| |||| 00| 0 eng d
020 _a9781402056604 (hbk)
_c7319.57
024 _a89260
037 _b11595, 29/01/2008, Overseas Press
_cTextual
040 _aCRL
_cCRL
_beng
041 _2eng
_aeng
082 _aW6, P7
100 _aOtfried Hoffe
_9590718
245 0 _aDemocracy in an age of globalisation
260 _aDordrecht
_bSpringer The Netherlands
_c2007
300 _ax,350p.
_ccm.
490 _aStudies in global justice; 3
650 _aPOLITICAL SCIENCE
942 _hW6, P7
_cTEXL
_2cc
999 _c950626
_d950626